| 000 | 00733cab a2200241 4500 | ||
|---|---|---|---|
| 001 | WB3505-11 | ||
| 008 | 090401t1999 xxu||||| |||| 00| 0 eng d | ||
| 035 | _a(Sirsi) u91086 | ||
| 041 | _aeng | ||
| 245 | _aFarm damage subsidies | ||
| 260 | _c1999 | ||
| 350 | _a0 | ||
| 490 |
_aDaily Telegraph _v2 February 1999, 9 |
||
| 490 |
_aGuardian _v2 February 1999, 11(1) |
||
| 520 | _aConservationists claim that it will cost £1.6bn a year in taxpayers subsidies to rectify the damage done to Britain`s wildlife by intensive farming. | ||
| 650 | _aAGRICULTURAL POLICY | ||
| 650 | _aINTENSIVE FARMING | ||
| 650 | _aSUBSIDIES | ||
| 650 | _aWILDLIFE CONSERVATION | ||
| 690 | _aCONSERVATION | ||
| 942 | _n0 | ||
| 948 | _c03/02/1999 | ||
| 999 |
_c57797 _d57797 |
||